000
00492nam a2200181Ia 4500
008
090124s9999 xx 000 0 und d
082
_b
102137
100
_a
केळकर न. चि.
245
_a
पालापाचोळा
250
_a
1
260
_c
1943
300
_a
107
600
_a
केळकर न. चि.
630
_a
पालापाचोळा
700
_a
केळकर न. चि.
730
_a
पालापाचोळा
942
_c
BOOK
999
_c
148229
_d
148229